000 00300nam a2200133Ia 4500
005 20251222140042.0
008 251222s1900||||xx |||||||||||||| ||spa||
082 _a174/R71
100 _aRobalino Bolle, Isabel
245 0 _aÉtica Profesional:
250 _a1ra. ed.
264 _bJus
942 _cLIB
999 _c3325
_d3325